000 00394nam a22001697a 4500
003 MPLRDC
005 20220104145537.0
008 210129b ||||| |||| 00| 0 eng d
082 _a870.6 KEA
100 _a济慈著, 查良铮译
245 _a济慈抒情诗选
_c
250 _a初版
260 _a
_b香港万里书店
_c1959
300 _b
650 _a
942 _cBK
_o870.6 KEA
999 _c51373
_d51363